000 00329nam a2200145Ia 4500
008 230718s9999 xx 000 0 und d
041 _aEng.
082 _a430.4
_bBPP-A
100 _aBpp Learning
245 0 _aACCA. Tax Planning
260 _aPakistan
_bBpp Publisher
_c1998
300 _a394
650 _aLaw
999 _c27299
_d27299